Interpretace kultur vybrané eseje

Salvato in:
Dettagli Bibliografici
Autore principale: Geertz, Clifford
Altri autori: Červinková, Hana, Hubinger, Václav, Humličková, Hedvika
Natura: Libro
Lingua:ceco
Pubblicazione: Praha Sociologické nakladatelství 2000
Serie:Studie sv. 26
Soggetti:
Tags: Aggiungi Tag
Nessun Tag, puoi essere il primo ad aggiungerne!!

MARC

LEADER 00000nam a2200000 4500
001 c141598
005 20221123132931.0
020 |a 80-85850-89-3 
041 0 |a cze 
044 |a CZ 
245 1 0 |a Interpretace kultur  |b vybrané eseje  |c Clifford Geertz ; přeložili: Hana Červinková, Václav Hubinger a Hedvika Humličková 
264 1 |a Praha  |b Sociologické nakladatelství  |c 2000 
300 |a 565 s. 
490 1 |a Studie  |v sv. 26 
830 0 |a Studie  |v sv. 26 
610 2 0 |a kultúra 
610 2 0 |a vývoj spoločenský 
610 2 0 |a svetonázor 
610 2 0 |a náboženstvo 
610 2 0 |a ideológia 
610 2 0 |a revolúcia 
610 2 0 |a nacionalizmus 
610 2 0 |a integrácia 
610 2 0 |a antropológia 
610 2 0 |a spoločnosť 
610 2 0 |a štýl životný 
100 1 |a Geertz, Clifford 
700 1 |a Červinková, Hana 
700 1 |a Hubinger, Václav 
700 1 |a Humličková, Hedvika